000 00296nam a22001217a 4500
008 170315b xxu||||| |||| 00| 0 eng d
041 _aeng
080 _a611
100 _a7
101 _ashm
245 _aAN ATLAS OF DETAILED NORMAL PNEUMOENCEPHALOGRAPHIC ANATOMY
_cDI CHIRO. G
942 _2udc
_cBK
999 _c7932
_d7932